000 00781nam a2200229 i 4500
001 bgj
100 1 _aGILBERT, Judy B.
245 1 0 _aClear speech :
_bpronunciation and listening comprehension in American English : teacher's manual and answer key /
_cJudy B. Gilbert.
250 _a[6th print.].
260 _aCambridge ; New York :
_bCambridge Univ. Press,
_c1991.
300 _aVII, 67 pp ;
_c26 cm.
500 _a1st publ. 1984.
504 _aBibliography pp 66-67.
650 9 _aEnglish language
_aAmerican English
_xPronunciation
_xAmerican English
_zUnited States
655 _aTextbooks for foreigners
020 _a052128791X (pbk)
040 _cBPK
041 0 _aeng
920 _a0-521-28791-X (pbk)
942 _cKS
008 s uk f |000 0 eng
999 _c41401
_d41401